Literary Toponyms Quiz Stats

 Plays Quiz Updated Aug 31, 2014

Support Sporcle.
Go Orange.
Score 0/12 Timer 05:00
2 Plays Today
Description Toponym % Correct
Any unrealistic place or situation, from the name of the magic land of lost boys, Indians, fairies, and pirates.Never Land
90.1%
Any idealized place, from the English town that was home to Arthur's Round Table.Camelot
85.9%
Hell, or any place resembling such a hot place, from one of the realms of the afterlife visited by Dante.Inferno
76%
Any idealized place, from a perfect society set on an imaginary island off the coast of South America.Utopia
75.6%
Any city of great riches, after a legendary city purportedly on Lake Parime in the highlands of Guyana.El Dorado
60.4%
Any luxurious plantation or property, from the name of the region where 'a stately pleasure dome' is located.Xanadu
42.6%
Any secluded idealized place, from the name of a Himalayan mountain kingdom.Shangri-La
39.6%
Heaven, or a heavenly existence, from the place reserved for mortals related to the gods and other heroes.Elysium
23.8%
State of wild disorder and noise, from the capital of Hell.Pandemonium
18.1%
Apparent aptitude for making fortunate and unexpected discoveries by accident, from a tale of three Princes who made many unexpected discoveries, and from old name for Sri Lanka.Serendipity
16.9%
Immense or enormous, from the name of the land where people grow 60 feet tall.Brobdingnagian
9.4%
Ridiculously impractical, from the name of the flying land where people engaged in inane projects while neglecting practical activities.Laputan
3.9%

You're not logged in!

Compare scores with friends on all Sporcle quizzes.
OR
Log In

From the Vault

'A' Anatomy

by brocko

No, it's not A's Anatomy, but good try.
Remove Ads.
Support Sporcle.
Get the best of Sporcle when you Go Orange. This ad-free experience offers more features, more stats, and more fun while also helping to support Sporcle. Thank you for becoming a member.

Show Comments

Extras

Top Quizzes Today


Score Distribution

Your Account Isn't Verified!

In order to create a playlist on Sporcle, you need to verify the email address you used during registration. Go to your Sporcle Settings to finish the process.

Report this User

Report this user for behavior that violates our Community Guidelines.

Details: